|
|
|
|
| LEADER |
01000caa a22002652c 4500 |
| 001 |
582467993 |
| 003 |
DE-627 |
| 005 |
20250823172905.0 |
| 007 |
tu |
| 008 |
121113s1991 gw ||||| 00| ||ger c |
| 035 |
|
|
|a (DE-627)582467993
|
| 035 |
|
|
|a (DE-576)374812195
|
| 035 |
|
|
|a (DE-599)GBV582467993
|
| 040 |
|
|
|a DE-627
|b ger
|c DE-627
|e rakwb
|
| 041 |
|
|
|a ger
|
| 044 |
|
|
|c XA-DE
|
| 084 |
|
|
|a 1
|2 ssgn
|
| 100 |
1 |
|
|a Weigand, Uwe
|e verfasserin
|4 aut
|
| 245 |
1 |
0 |
|a Alle, was ich seit geraumer Zeit schreibe, will dem Frieden dienen
|b das Gedicht An Würzburg in memoriam Gertrud von le fort zum 20. Todestag (1. November 1971)
|c Von Uwe Weigand
|
| 264 |
|
1 |
|c 1991
|
| 336 |
|
|
|a Text
|b txt
|2 rdacontent
|
| 337 |
|
|
|a ohne Hilfsmittel zu benutzen
|b n
|2 rdamedia
|
| 338 |
|
|
|a Band
|b nc
|2 rdacarrier
|
| 500 |
|
|
|a Aufsatz
|
| 773 |
0 |
8 |
|i In
|t Würzburger Diözesangeschichtsblätter
|d Würzburg : Echter Verlag, 1933
|g 53(1991), Seite 305-315
|w (DE-627)129069256
|w (DE-600)1714-0
|w (DE-576)014400987
|x 0342-3093
|7 nnas
|
| 773 |
1 |
8 |
|g volume:53
|g year:1991
|g pages:305-315
|
| 889 |
|
|
|w (DE-627)1864281685
|
| 912 |
|
|
|a GBV_USEFLAG_U
|
| 912 |
|
|
|a GBV_ILN_21
|
| 912 |
|
|
|a ISIL_DE-46
|
| 912 |
|
|
|a SYSFLAG_1
|
| 912 |
|
|
|a GBV_KXP
|
| 912 |
|
|
|a GBV_ILN_11
|
| 912 |
|
|
|a GBV_ILN_31
|
| 912 |
|
|
|a GBV_ILN_39
|
| 912 |
|
|
|a GBV_ILN_40
|
| 912 |
|
|
|a GBV_ILN_50
|
| 912 |
|
|
|a GBV_ILN_65
|
| 912 |
|
|
|a GBV_ILN_267
|
| 912 |
|
|
|a GBV_ILN_350
|
| 912 |
|
|
|a GBV_ILN_737
|
| 912 |
|
|
|a GBV_ILN_791
|
| 912 |
|
|
|a GBV_ILN_2001
|
| 912 |
|
|
|a GBV_ILN_2002
|
| 912 |
|
|
|a GBV_ILN_2003
|
| 912 |
|
|
|a GBV_ILN_2004
|
| 912 |
|
|
|a GBV_ILN_2007
|
| 912 |
|
|
|a GBV_ILN_2008
|
| 912 |
|
|
|a GBV_ILN_2010
|
| 912 |
|
|
|a GBV_ILN_2011
|
| 912 |
|
|
|a GBV_ILN_2012
|
| 912 |
|
|
|a GBV_ILN_2018
|
| 912 |
|
|
|a GBV_ILN_2036
|
| 912 |
|
|
|a GBV_ILN_2046
|
| 912 |
|
|
|a GBV_ILN_2056
|
| 912 |
|
|
|a GBV_ILN_2178
|
| 912 |
|
|
|a GBV_ILN_2227
|
| 912 |
|
|
|a GBV_ILN_2506
|
| 912 |
|
|
|a GBV_ILN_2579
|
| 912 |
|
|
|a GBV_ILN_2581
|
| 912 |
|
|
|a GBV_ILN_4012
|
| 912 |
|
|
|a GBV_ILN_4027
|
| 912 |
|
|
|a GBV_ILN_4028
|
| 912 |
|
|
|a GBV_ILN_4029
|
| 912 |
|
|
|a GBV_ILN_4036
|
| 912 |
|
|
|a GBV_ILN_4037
|
| 912 |
|
|
|a GBV_ILN_4082
|
| 912 |
|
|
|a GBV_ILN_4103
|
| 912 |
|
|
|a GBV_ILN_4112
|
| 912 |
|
|
|a GBV_ILN_4125
|
| 912 |
|
|
|a GBV_ILN_4126
|
| 912 |
|
|
|a GBV_ILN_4155
|
| 912 |
|
|
|a GBV_ILN_4246
|
| 912 |
|
|
|a GBV_ILN_4251
|
| 912 |
|
|
|a GBV_ILN_4253
|
| 912 |
|
|
|a GBV_ILN_4302
|
| 912 |
|
|
|a GBV_ILN_4305
|
| 912 |
|
|
|a GBV_ILN_4306
|
| 912 |
|
|
|a GBV_ILN_4309
|
| 912 |
|
|
|a GBV_ILN_4310
|
| 912 |
|
|
|a GBV_ILN_4322
|
| 912 |
|
|
|a GBV_ILN_4323
|
| 912 |
|
|
|a GBV_ILN_4324
|
| 912 |
|
|
|a GBV_ILN_4325
|
| 912 |
|
|
|a GBV_ILN_4346
|
| 912 |
|
|
|a GBV_ILN_4392
|
| 912 |
|
|
|a GBV_ILN_813
|
| 912 |
|
|
|a GBV_ILN_2019
|
| 912 |
|
|
|a GBV_ILN_50
|
| 912 |
|
|
|a ISIL_DE-23
|
| 912 |
|
|
|a GBV_ILN_791
|
| 912 |
|
|
|a ISIL_DE-Hil6
|
| 912 |
|
|
|a GBV_ILN_813
|
| 912 |
|
|
|a ISIL_DE-Mue73
|
| 912 |
|
|
|a GBV_ILN_2019
|
| 912 |
|
|
|a ISIL_DE-Tue135
|
| 912 |
|
|
|a GBV_ILN_2036
|
| 912 |
|
|
|a ISIL_DE-Stg117
|
| 912 |
|
|
|a GBV_ILN_2178
|
| 912 |
|
|
|a ISIL_DE-Wh1
|
| 935 |
|
|
|a mteo
|
| 935 |
|
|
|i mdedup
|
| 951 |
|
|
|a AR
|
| 952 |
|
|
|d 53
|j 1991
|h 305-315
|
| 980 |
|
|
|2 21
|1 01
|x 0046
|b 1217227059
|y xza
|z 06-01-11
|
| 980 |
|
|
|2 50
|1 01
|x 0023
|b 921597975
|y x
|z 14-02-09
|
| 980 |
|
|
|2 791
|1 01
|x 3791
|b 896027376
|c 00
|f --%%--
|d Z GS 335
|e o
|j --%%--
|g Bestand: Würzburger Diözesangeschichtsblätter ; 53 (1991) S.305-315
|y n
|z 08-01-98
|
| 980 |
|
|
|2 813
|1 01
|x 4813
|b 4388074438
|y n
|z 07-11-19
|
| 980 |
|
|
|2 2019
|1 01
|x DE-Tü135
|b 3276915383
|c 00
|f --%%--
|d --%%--
|e --%%--
|j n
|y l01
|z 04-04-16
|
| 980 |
|
|
|2 2036
|1 01
|x DE-Stg117
|b 327691543X
|c 00
|f --%%--
|d AP/ 276, 53
|e --%%--
|j --%%--
|y l01
|z 06-07-12
|
| 980 |
|
|
|2 2178
|1 01
|x DE-Wh1
|b 3276915480
|c 00
|f --%%--
|d --%%--
|e --%%--
|j --%%--
|y l01
|z 11-03-14
|
| 982 |
|
|
|2 791
|1 00
|x DE-Hil6
|8 00
|a LeFort, Gertrud von / An Würzburg
|